000 00377nam a2200145Ia 4500
008 221007s9999 xx 000 0 und d
041 _aeng
082 _bRAU
100 _aRaut Nikita J - 2K91144
_9101864
245 _aA Study of Absenteeism and Disciplinary Action
260 _c2011
_bPune University
_aPune
300 _a67p
520 _aGaikwad Anand
906 _bGeneral
999 _c69019
_d69019